000 00448nam a2200169Ia 4500
003 GCL
008 140319s9999 xx 000 0 ara d
040 _aGCL /
_cGCL
082 0 4 _a813.03
_bم ض
100 1 _aمحمد البساطى
245 1 0 _aضؤ ضعيف لا يكشف شيئا /
_cمحمد البساطى
300 _a95 ص
490 _a
650 0 4 _aالادب العربى
650 0 4 _aالقصص العربية
942 _2ddc
_cBK
999 _c39524
_d39524